<?xml version="1.0" encoding="UTF-8"?>
<marc:record xmlns:marc="http://www.loc.gov/MARC21/slim">
   <marc:leader>00000nam a2200000 a 4500</marc:leader>
   <marc:datafield ind1="1" ind2=" " tag="100">
      <marc:subfield code="a">Butler, Judith</marc:subfield>
      <marc:subfield code="4">aut</marc:subfield>
      <marc:subfield code="e">Verfasser/-in</marc:subfield>
   </marc:datafield>
   <marc:datafield ind1="1" ind2=" " tag="100">
      <marc:subfield code="a">Born, Frank</marc:subfield>
      <marc:subfield code="4">trl</marc:subfield>
      <marc:subfield code="e">Übersetzer/-in</marc:subfield>
   </marc:datafield>
   <marc:datafield ind1=" " ind2=" " tag="653">
      <marc:subfield code="a">Öffentlicher Raum</marc:subfield>
   </marc:datafield>
   <marc:datafield ind1=" " ind2=" " tag="653">
      <marc:subfield code="a">Politisches Handeln</marc:subfield>
   </marc:datafield>
   <marc:datafield ind1=" " ind2=" " tag="653">
      <marc:subfield code="a">Versammlungsfreiheit</marc:subfield>
   </marc:datafield>
   <marc:datafield ind1=" " ind2=" " tag="653">
      <marc:subfield code="a">Aktivismus</marc:subfield>
   </marc:datafield>
   <marc:datafield ind1=" " ind2=" " tag="653">
      <marc:subfield code="a">Demokratie</marc:subfield>
   </marc:datafield>
   <marc:datafield ind1=" " ind2=" " tag="653">
      <marc:subfield code="a">Politik der Straße</marc:subfield>
   </marc:datafield>
   <marc:datafield ind1=" " ind2=" " tag="653">
      <marc:subfield code="a">Solidarität</marc:subfield>
   </marc:datafield>
   <marc:datafield ind1=" " ind2=" " tag="653">
      <marc:subfield code="a">Volk</marc:subfield>
   </marc:datafield>
   <marc:datafield ind1=" " ind2=" " tag="653">
      <marc:subfield code="a">Wutbürger</marc:subfield>
   </marc:datafield>
   <marc:datafield ind1=" " ind2=" " tag="653">
      <marc:subfield code="a">öffentlicher Raum</marc:subfield>
   </marc:datafield>
   <marc:datafield ind1=" " ind2=" " tag="653">
      <marc:subfield code="a">Softcover / Politikwissenschaft/Politische Theorien</marc:subfield>
   </marc:datafield>
   <marc:datafield ind1=" " ind2=" " tag="653">
      <marc:subfield code="a">Ideengeschichte</marc:subfield>
   </marc:datafield>
   <marc:datafield ind1="0" ind2="0" tag="245">
      <marc:subfield code="a">Anmerkungen zu einer performativen Theorie der Versammlung</marc:subfield>
   </marc:datafield>
   <marc:datafield ind1="0" ind2="0" tag="245">
      <marc:subfield code="c">Judith Butler ; aus dem Amerikanischen von Frank Born</marc:subfield>
   </marc:datafield>
   <marc:datafield ind1=" " ind2="1" tag="264">
      <marc:subfield code="a">Berlin</marc:subfield>
      <marc:subfield code="b">Suhrkamp</marc:subfield>
      <marc:subfield code="c">2016</marc:subfield>
   </marc:datafield>
   <marc:datafield ind1=" " ind2=" " tag="250">
      <marc:subfield code="a">Erste Auflage</marc:subfield>
   </marc:datafield>
   <marc:datafield ind1="1" ind2=" " tag="520">
      <marc:subfield code="a">Angaben aus der Verlagsmeldung

Anmerkungen zu einer performativen Theorie der Versammlung Notes Toward a Performative Theory of Assembly / von Judith Butler

Occupy Wall Street. Gezi-Park, Tahrir, Majdan. Ferguson und Hongkong. Tea Party. Pegida. Die »Politik der Straße« hat Hochkonjunktur, wirft aber auch Fragen auf. Sind solche Versammlungen als Ausdruck der Souveränität des Volkes aus radikaldemokratischer Perspektive zu begrüßen oder geben sie Anlass zur Sorge vor der Herrschaft des »Mobs«? Und wer ist überhaupt »das Volk«?
Judith Butler geht den Dynamiken und Taktiken öffentlicher Versammlungen unter den derzeit herrschenden ökonomischen und politischen Bedingungen auf den Grund. In Erweiterung der sprechaktzentrierten Theorie der Performativität und gegen Hannah Arendts »körperlose« Konzeption politischen Handelns unterstreicht sie die Bedeutung der physischen Präsenz kollektiver Akteure im öffentlichen Raum und arbeitet an aktuellen Beispielen die Effekte dieser Ausdrucksdimension heraus sowie die Inklusions- und Exklusionsmechanismen, die dabei am Werk sind. Der kollektive Schrei »Wir sind das Volk!« zieht eben auch eine Grenze und lässt die Frage, wer wirklich das Volk ist, umso deutlicher hervortreten.
Fluchtpunkt dieses hochpolitischen Buches ist eine Ethik des gewaltlosen Widerstands in einer gefährdeten Welt, in der die Grundlagen solidarischen Handelns allmählich zerfallen oder zerstört werden.
</marc:subfield>
   </marc:datafield>
   <marc:datafield ind1=" " ind2=" " tag="020">
      <marc:subfield code="a">9783518586969</marc:subfield>
      <marc:subfield code="9">9783518586969</marc:subfield>
   </marc:datafield>
   <marc:datafield ind1=" " ind2=" " tag="020">
      <marc:subfield code="a">3518586963</marc:subfield>
      <marc:subfield code="9">3518586963</marc:subfield>
   </marc:datafield>
   <marc:datafield ind1=" " ind2=" " tag="041">
      <marc:subfield code="a">ger</marc:subfield>
   </marc:datafield>
   <marc:datafield ind1=" " ind2=" " tag="300">
      <marc:subfield code="a">311 Seiten</marc:subfield>
   </marc:datafield>
</marc:record>
